Batman "The Dark Knight" - Triologie Screentime - Statistiken

Allgemein
  • Dieses Quiz wurde 70 mal gespielt
  • Das Durchschnittsergebnis liegt bei 8 aus 15
Antwortstatistiken
Hint Antwort % Korrekt
145 Batman / Bruce Wayne
100%
25:45 Der Joker
98%
26:30 Alfred Pennyworth
87%
42:15 Commissioner James Gordon
86%
24:15 Two Face / Harvey Dent
78%
22:15 Bane
76%
18:45 Catwoman / Selina Kyle
56%
8:45 Scarecrow / Jonathan Crane
54%
19 Lucius Fox
51%
27:30 Rachel Dawes
48%
15:45 Ra's al Ghul
41%
11:30 Talia al Ghul
25%
4:15 Carmine Falcone
22%
19 Detective John Blake
14%
4:15 John Dagget
2%
Keine übereinstimmenden Quizze gefunden
Verteilung der Resultate
Anzahl Personen mit jedem Resultat
Perzentil nach korrekt beantworteten Fragen
Ihre Resultats-Entwicklung
Sie haben dieses Quiz noch nicht gespielt